Thiên thần mang đến nụ cười Những tác phẩm đoạt giải cuộc thi Cây bút tuổi hồng lần thứ nhất
Giới thiệu các bài thi đạt giải cuộc thi Cây bút tuổi hồng lần thứ nhất
Wedi'i Gadw mewn:
| Fformat: | Sgôr Cerddorol Llyfr |
|---|---|
| Iaith: | Vietnamese |
| Cyhoeddwyd: |
H.
Đại học Sư phạm
2012
|
| Cyfres: | Tủ sách Tuổi hồng
|
| Pynciau: | |
| Tagiau: |
Ychwanegu Tag
Dim Tagiau, Byddwch y cyntaf i dagio'r cofnod hwn!
|
| Thư viện lưu trữ: | Mạng thư viện Đại học Đà Nẵng |
|---|
| LEADER | 01459acm a22003978a 4500 | ||
|---|---|---|---|
| 001 | 000023132 | ||
| 003 | 19581 | ||
| 005 | 20150601150641.0 | ||
| 008 | 150601s2012 viesd | ||
| 020 | |c 22000 |d 1000b | ||
| 041 | 0 | |a vie | |
| 082 | 1 | 4 | |2 14 |a 808.068 |b Thi |
| 245 | 0 | 0 | |a Thiên thần mang đến nụ cười |b Những tác phẩm đoạt giải cuộc thi Cây bút tuổi hồng lần thứ nhất |
| 260 | |a H. |b Đại học Sư phạm |c 2012 | ||
| 300 | |a 100 tr. |c 24 cm. | ||
| 490 | |a Tủ sách Tuổi hồng | ||
| 500 | |a ĐTTS ghi: Hội đồng Đội Trung ương | ||
| 504 | |a Thư mục đầu sách | ||
| 520 | |a Giới thiệu các bài thi đạt giải cuộc thi Cây bút tuổi hồng lần thứ nhất | ||
| 650 | 0 | 4 | |2 Bộ TK TVQG |a Văn học |x Thiếu nhi |
| 650 | 7 | |2 Bộ TK TVQG | |
| 650 | 7 | |2 Bộ TK TVQG | |
| 651 | 7 | |2 Bộ TK TVQG |a Việt Nam | |
| 653 | |a Văn học Việt Nam | ||
| 653 | |a Văn học thiếu nhi | ||
| 653 | |a Cây bút tuổi hồng | ||
| OWN | |a LSP | ||
| AVA | |a UDN50 |b LSP |d 808.068 Thi |e available |t Error 5001 Not defined in file expand_doc_bib_avail. |f 2 |g 0 |h N |i 0 |k 1 | ||
| 999 | |a From the UDN01 | ||
| AVA | |a UDN50 |b LSP |d 808.068 Thi |e available |t Error 5001 Not defined in file expand_doc_bib_avail. |f 2 |g 0 |h N |i 0 |k 1 | ||
| TYP | |a Printed music | ||
| TYP | |a Monograph | ||
| 980 | |a Mạng thư viện Đại học Đà Nẵng | ||